Loading...
| Literature - World/Other | 0 | 6 | 0 | 1 | 60 | 61 | 96.33 | 2 | 4 | 0.00 | 0.00 |
| Mythology | 0 | 5 | 0 | 2 | 50 | 56 | 97.60 | 0 | 2 | 0.00 | 0.00 |
| Literature - European | 0 | 4 | 1 | 0 | 35 | 71 | 110.25 | 0 | 3 | 0.00 | 0.00 |
| Fine Arts - Visual | 0 | 3 | 0 | 0 | 30 | 44 | 94.67 | 0 | 2 | 0.00 | 0.00 |
| Science - Biology | 0 | 3 | 0 | 0 | 30 | 73 | 93.67 | 1 | 1 | 0.00 | 0.00 |
| Literature - British | 0 | 3 | 0 | 1 | 30 | 68 | 115.33 | 0 | 1 | 0.00 | 0.00 |
| Science - Chemistry | 0 | 3 | 0 | 1 | 30 | 87 | 96.67 | 1 | 1 | 0.00 | 0.00 |
| Science - Physics | 0 | 2 | 0 | 0 | 20 | 58 | 73.00 | 0 | 0 | 0.00 | 0.00 |
| Literature - American | 0 | 2 | 0 | 0 | 20 | 62 | 101.00 | 0 | 1 | 0.00 | 0.00 |
| Geography/Current Events | 0 | 2 | 1 | 1 | 15 | 91 | 110.50 | 1 | 1 | 0.00 | 0.00 |
| Fine Arts - Classical Music | 0 | 1 | 0 | 0 | 10 | 101 | 101.00 | 0 | 0 | 0.00 | 0.00 |
| History - European | 0 | 1 | 0 | 1 | 10 | 127 | 127.00 | 0 | 0 | 0.00 | 0.00 |
| History - World | 0 | 1 | 0 | 0 | 10 | 89 | 89.00 | 0 | 0 | 0.00 | 0.00 |
| Religion | 0 | 1 | 2 | 0 | 0 | 116 | 116.00 | 0 | 1 | 0.00 | 0.00 |
| Social Science | 0 | 1 | 2 | 0 | 0 | 76 | 76.00 | 0 | 1 | 0.00 | 0.00 |
| Philosophy | 0 | 0 | 1 | 0 | -5 | 0.00 | 0 | 0 | 0.00 | 0.00 | |
| History - American | 0 | 0 | 2 | 0 | -10 | 0.00 | 0 | 0 | 0.00 | 0.00 |